Statistiken für Redbull Editions

Klicken Sie hier um das Quiz zu spielen!

Allgemein

  • Dieses Quiz wurde 62 mal gespielt
  • Das Durchschnittsergebnis liegt bei 5 aus 17

Antwortstatistiken

Red Bull EditionsAntwort% Korrekt
EnergydrinkRedBull
71%
The Red EditionWassermelone
47%
The Purple EditionAcai
42%
The Green EditionKaktusfrucht
42%
The White EditionKokosnuss-Blaubeere
40%
The Yellow EditionTropical
40%
The Blue EditionHeidelbeere
29%
The Winter Edition 2023Birne-Zimt
27%
The Spring Edition 2024Waldbeere
24%
Original (Schwarz)Zero
24%
The Summer Edition 2024Curuba-Holunderblüte
20%
Original (Türkis)Zuckerfrei
20%
The Winter Edition 2022Feige-Apfel
9%
The Sea Blue EditionFelsenbirne
9%
The Winter Edition 2021Granatapfel
9%
The Apricot EditionMarille-Erdbeere
4%
Rot (Orange)Pfirsich
4%

Verteilung der Resultate

Perzentil nach korrekt beantworteten Fragen

Anzahl Personen mit jedem Resultat

Ihre Resultats-Entwicklung

Sie haben dieses Quiz noch nicht gespielt